000 00195nam a2200085Ia 4500
008 170617s9999 xx 000 0 und d
100 _aMETHA & METHA
245 0 _aORGANIC CHEMISTRY
260 _bNEW DELHI :PHI
260 _c2009
999 _c15665
_d15665